000 01108cam a2200325 i 4500
001 18197970
003 OSt
005 20230201105214.0
008 140623s2016 mau b 001 0 eng
010 _a 2014024877
020 _a1292042877
040 _aDLC
_beng
_cDLC
_erda
_dDLC
042 _apcc
050 0 0 _aHF5381
_b.B76 2014
100 1 _aBrown, Duane.
245 1 0 _aCareer information, career counseling, and career development /
_cDuane Brown, Professor Emeritus, University of North Carolina, Chapel Hill.
250 _a10th ed.
264 1 _aBoston :
_bPearson,
_c2014
300 _a332p.
336 _atext
_2rdacontent
337 _aunmediated
_2rdamedia
338 _avolume
_2rdacarrier
504 _aIncludes bibliographical references and index.
650 0 _aVocational guidance.
650 0 _aVocational guidance
_vBibliography.
650 0 _aVocational guidance
_xInformation services.
906 _a7
_bcbc
_corignew
_d1
_eecip
_f20
_gy-gencatlg
942 _2lcc
_cBK
999 _c19881
_d19880